000 00465nam a22001697a 4500
005 20230622143158.0
008 230622b ||||| |||| 00| 0 eng d
040 _cAL
041 _aEnglish
082 _223
_a826/1
_bLEGS
100 _aEmile Legouis
_9124588
245 _aShort History of English Literature
260 _aLondon
_bOxford University Press
_c1934
650 _aEnglish Literature
_9124589
700 _aLEGOUIS (Emile)
_9124590
942 _2ddc
_cBB
999 _c227616
_d227616